| 000 | 01014nam a22002777a 4500 | ||
|---|---|---|---|
| 999 |
_c28968 _d28939 |
||
| 003 | EG-ScBUE | ||
| 005 | 20201020120757.0 | ||
| 008 | 200219t2006 ua f b 000 0 ara d | ||
| 020 | _a9776163343 | ||
| 040 |
_aEG-ScBUE _bara _erda _cEG-ScBUE _dEG-ScBUE |
||
| 082 | 0 | 4 |
_a111.85 _bز هـ ر _222 |
| 100 | 1 |
_aأبو زهرة، عادل، _eمؤلف. |
|
| 245 | 1 | 2 |
_aالبيئة وفلسفة الجمال / _cعادل أبو زهرة ؛ تقديم إسماعيل سراج الدين. |
| 264 | 1 |
_aالإسكندرية : _bمكتبة الإسكندرية، _c[2006] |
|
| 264 | 4 | _cc2006 | |
| 300 |
_a159 صفحة ؛ _c24 سم |
||
| 336 |
_2rdacontent _aنص _btxt |
||
| 337 |
_2rdamedia _aبدون وسيط _bn |
||
| 338 |
_2rdacarrier _aمجلد _bnc |
||
| 504 | _aيشتمل على إرجاعات ببليوجرافية. | ||
| 650 | 7 |
_aالجمال (فن) _2BUEsh |
|
| 653 |
_bGGEN _cOctober2020 |
||
| 655 |
_vReading book _934232 |
||
| 700 | 1 |
_aسراج الدين، إسماعيل، _eمقدم. |
|
| 942 | _2ddc | ||